| 000 | 00489cam0a220018100 4500 | ||
|---|---|---|---|
| 001 | tmp15754196 | ||
| 003 | UPRA | ||
| 005 | 20190819085729.0 | ||
| 008 | 951020s1977 xx eng u | ||
| 035 | _a(Sirsi) r42032 | ||
| 035 | _a(UPRA)tmp15754196 | ||
| 040 | _cUPRA | ||
| 100 | 1 |
_aChing, Eugene. _6A102343.1 |
|
| 245 | 1 | 0 |
_a201 Chinese verbs : _bcompounds and phrases for everyday usage. |
| 260 | _c1977. | ||
| 949 |
_aPL1235 _wlcc _i-51189 _mMAIN _p5000 _tBOOK _lON-SHELF |
||
| 004 | 42032 | ||
| 999 |
_c95300 _d95300 |
||